[Event "110th YMCA Golden Autumn"]
[Site "Warszawa"]
[Date "2012.12.07"]
[Round "11"]
[White "Krasiewicz, Robert"]
[Black "Sanz Losada, Victoriano"]
[Result "1/2-1/2"]
[WhiteElo "2033"]
[BlackElo "2130"]
[PlyCount "30"]
[EventDate "2012.09.21"]
[EventType "tourn"]
[EventRounds "1"]
[EventCountry "POL"]
[SourceDate "2012.09.19"]

1. d4 Nf6 2. c4 g6 3. g3 Bg7 4. Bg2 O-O 5. Nf3 c5 6. O-O d6 7. h3 Nc6 8. Nc3
cxd4 9. Nxd4 Bd7 10. Nc2 Qa5 11. Nd5 Nxd5 12. cxd5 Ne5 13. Bd2 Qb6 14. Bc3 Rfc8
15. a4 Nc4 1/2-1/2

[Event "110th YMCA Golden Autumn"]
[Site "Warszawa"]
[Date "2012.11.30"]
[Round "11"]
[White "Szewczyk, Mariusz"]
[Black "Szymczak, Rafal"]
[Result "1/2-1/2"]
[WhiteElo "2030"]
[BlackElo "2063"]
[Annotator "Admin"]
[PlyCount "65"]
[EventDate "2012.09.21"]
[EventType "tourn"]
[EventRounds "1"]
[EventCountry "POL"]
[SourceDate "2012.09.19"]

1. e4 c6 2. d4 d5 3. Nc3 dxe4 4. Nxe4 Bf5 5. Ng3 Bg6 6. h4 h6 7. h5 Bh7 8. Nf3
Nd7 9. Bd3 Bxd3 10. Qxd3 Ngf6 11. Bd2 e6 12. O-O-O Qc7 13. Ne4 O-O-O 14. g3
Nxe4 15. Qxe4 Nf6 16. Qe2 c5 $11 17. Bf4 Bd6 18. Bxd6 Rxd6 19. dxc5 Rxd1+ 20.
Rxd1 Qxc5 21. Ne5 Qc7 22. Rd4 Kb8 23. f4 Rc8 24. Rc4 Qe7 25. Rxc8+ Kxc8 26. g4
a6 27. c4 Nd7 28. Kc2 Nxe5 29. Qxe5 Qh4 30. Qc5+ Kb8 31. Qf8+ Ka7 32. Qxf7 Qxg4
33. a3 $11 1/2-1/2

[Event "110th YMCA Golden Autumn"]
[Site "Warszawa"]
[Date "2012.11.27"]
[Round "11"]
[White "Liberadzki, Slawomir"]
[Black "Kubeczko, Grzegorz"]
[Result "1-0"]
[WhiteElo "2093"]
[BlackElo "2040"]
[PlyCount "89"]
[EventDate "2012.09.21"]
[EventType "tourn"]
[EventRounds "1"]
[EventCountry "POL"]
[SourceDate "2012.09.19"]

1. e4 c6 2. c4 d5 3. exd5 cxd5 4. cxd5 Nf6 5. Qa4+ Nbd7 6. Nc3 g6 7. Nf3 Bg7 8.
Bc4 a6 9. d3 O-O 10. Qa3 b6 11. O-O Bb7 12. Re1 Re8 13. Be3 Rc8 14. Ng5 b5 15.
Bb3 Nb6 16. d6 e6 17. Nge4 Nfd7 18. Bg5 f6 19. Be3 Nd5 20. Nxd5 exd5 21. Nc3
Rxe3 22. Rxe3 Nb6 23. Rae1 Bf8 24. h3 Qxd6 25. Qxd6 Bxd6 26. Re6 Bc5 27. Rxf6
Kg7 28. Rf4 Bd6 29. Rf3 b4 30. Ne2 a5 31. Nd4 a4 32. Bd1 Rc1 33. Rfe3 Ra1 34.
Bf3 Rxa2 35. Re7+ Bxe7 36. Rxe7+ Kf6 37. Rxb7 Ke5 38. Rxb6 Kxd4 39. Rxb4+ Kc5
40. Rb7 Ra1+ 41. Kh2 a3 42. bxa3 Rxa3 43. Rxh7 Rxd3 44. Rd7 Rd2 45. Rxd5+ 1-0

[Event "110th YMCA Golden Autumn"]
[Site "Warszawa"]
[Date "2012.10.25"]
[Round "12"]
[White "Denderski, Piotr"]
[Black "Kubeczko, Grzegorz"]
[Result "1-0"]
[WhiteElo "2240"]
[BlackElo "2040"]
[PlyCount "113"]
[EventDate "2012.09.21"]
[EventType "tourn"]
[EventRounds "1"]
[EventCountry "POL"]
[SourceDate "2012.09.19"]

1. d4 d5 2. c4 c6 3. Nc3 Nf6 4. e3 a6 5. Nf3 b5 6. c5 Nbd7 7. a3 Qc7 8. b4 e5
9. dxe5 Nxe5 10. Bb2 Nxf3+ 11. Qxf3 Bg4 12. Qg3 Qxg3 13. hxg3 Be7 14. Bd3 Nd7
15. f3 Be6 16. Ne2 Bf6 17. Bxf6 Nxf6 18. a4 O-O-O 19. axb5 axb5 20. g4 h6 21.
g5 Nd7 22. Ra8+ Nb8 23. Kf2 Kd7 24. Nd4 Rc8 25. Rha1 hxg5 26. R1a7+ Rc7 27.
Bxb5 cxb5 28. Nxb5 Rxa7 29. Rxa7+ Kd8 30. Ra8 Kd7 31. Nd4 Rc8 32. b5 Rxc5 33.
Rxb8 Kc7 34. Rg8 g6 35. Nxe6+ fxe6 36. Rxg6 Kd6 37. Rxg5 Rxb5 38. Rg8 Rb2+ 39.
Ke1 Ke5 40. Rg5+ Kf6 41. f4 Ra2 42. g4 Rb2 43. Re5 Ra2 44. Rh5 d4 45. Rh6+ Kf7
46. exd4 Ra4 47. Ke2 Rxd4 48. Kf3 Ra4 49. g5 Ra3+ 50. Kg4 Re3 51. Rh7+ Kg6 52.
Re7 Re1 53. Rxe6+ Rxe6 54. f5+ Kf7 55. fxe6+ Kxe6 56. Kh5 Kf7 57. Kh6 1-0

[Event "110th YMCA Golden Autumn"]
[Site "Warszawa"]
[Date "2012.12.02"]
[Round "12"]
[White "Szymczak, Rafal"]
[Black "Liberadzki, Slawomir"]
[Result "1/2-1/2"]
[WhiteElo "2063"]
[BlackElo "2093"]
[Annotator "Admin"]
[PlyCount "34"]
[EventDate "2012.09.21"]
[EventType "tourn"]
[EventRounds "1"]
[EventCountry "POL"]
[SourceDate "2012.09.19"]

1. f4 d5 2. Nf3 g6 3. g3 Bg7 4. Bg2 c5 5. d3 Nc6 6. O-O Nf6 7. Nc3 d4 8. Na4
Nd7 9. c4 Qc7 10. a3 O-O 11. Bd2 a5 12. b4 axb4 13. axb4 Nxb4 14. Bxb4 cxb4 15.
Qb3 e5 16. fxe5 Nxe5 17. Nxe5 Qxe5 $11 1/2-1/2

[Event "110th YMCA Golden Autumn"]
[Site "Warszawa"]
[Date "2012.11.09"]
[Round "12"]
[White "Sanz Losada, Victoriano"]
[Black "Szewczyk, Mariusz"]
[Result "1/2-1/2"]
[WhiteElo "2130"]
[BlackElo "2030"]
[Annotator "Admin"]
[PlyCount "136"]
[EventDate "2012.09.21"]
[EventType "tourn"]
[EventRounds "1"]
[EventCountry "POL"]
[SourceDate "2012.09.19"]

1. d4 Nf6 2. c4 e6 3. Nc3 Bb4 4. Qc2 O-O 5. a3 Bxc3+ 6. Qxc3 Ne4 7. Qc2 d5 8.
cxd5 exd5 9. Bf4 Nc6 10. f3 Nxd4 11. Qd1 Ne6 12. fxe4 Nxf4 13. g3 Ng6 14. exd5
Re8 15. Bg2 Qf6 16. Qb3 Bf5 17. Nh3 Rxe2+ 18. Kxe2 Re8+ 19. Kd2 Qd4+ 20. Kc1
Re2 21. Qc3 Rc2+ 22. Qxc2 Bxc2 23. Kxc2 Qc4+ 24. Kb1 $11 Qe2 25. Rg1 b5 26. Nf4
Nxf4 27. gxf4 a5 28. d6 cxd6 29. Rc1 g5 30. Bc6 gxf4 31. Rc3 b4 32. axb4 axb4
33. Ra8+ Kg7 34. Rc1 f3 35. Ra5 Qd3+ 36. Ka1 Qe3 37. Kb1 f2 38. Bg2 f5 39. Rd5
Qf4 40. Rd3 Qxh2 41. Bf1 Qe5 42. Rcd1 Qe4 43. Kc2 d5 44. b3 Kf6 45. Kb2 Ke5 46.
R1d2 Qe1 47. Rxd5+ Kf4 48. Rd1 Qc3+ 49. Ka2 Qc2+ 50. Ka1 Qxb3 51. R5d3 Qa4+ 52.
Kb2 h5 53. Rb3 Kg5 54. Rd2 Qa7 55. Rf3 Kg4 56. Rdxf2 Qd4+ 57. Kc2 b3+ 58. Kxb3
Qd5+ 59. Kc3 Qxf3+ 60. Rxf3 Kxf3 61. Kd3 h4 62. Bh3 f4 63. Bc8 Kf2 64. Ke4 Kg3
65. Kd3 h3 66. Bb7 Kf2 67. Ke4 f3 68. Kf4 h2 $11 1/2-1/2

[Event "110th YMCA Golden Autumn"]
[Site "Warszawa"]
[Date "2012.12.05"]
[Round "12"]
[White "Kielar, Maciej"]
[Black "Krasiewicz, Robert"]
[Result "1-0"]
[WhiteElo "2087"]
[BlackElo "2033"]
[PlyCount "144"]
[EventDate "2012.09.21"]
[EventType "tourn"]
[EventRounds "1"]
[EventCountry "POL"]
[SourceDate "2012.09.19"]

1. e4 d5 2. exd5 Qxd5 3. Nc3 Qd6 4. Nf3 Nf6 5. d4 a6 6. g3 Bg4 7. Bg2 Nc6 8.
O-O O-O-O 9. d5 Nb4 10. Bf4 Qc5 11. Be3 Qc4 12. Ne5 Bxd1 13. Rfxd1 Qxc3 14.
bxc3 Nxc2 15. Rac1 Nxe3 16. fxe3 Rg8 17. Nxf7 Re8 18. Bh3+ Kb8 19. e4 e5 20.
Re1 Bc5+ 21. Kg2 Rgf8 22. Be6 Ng4 23. h3 Ne3+ 24. Kf3 Re7 25. Rxe3 Rexf7+ 26.
Bxf7 Rxf7+ 27. Ke2 Bxe3 28. Kxe3 c5 29. c4 Kc7 30. a4 Kb6 31. Rd1 Rd7 32. Kd3
Ka5 33. Kc3 Kb6 34. Rf1 Kc7 35. a5 Re7 36. Kd3 b5 37. cxb5 axb5 38. Rb1 b4 39.
Kc4 Kd6 40. a6 Ra7 41. Kb5 Ra8 42. h4 h5 43. Rb2 Kc7 44. Kxc5 Rxa6 45. Rxb4 Ra3
46. d6+ Kd7 47. Rb7+ Ke6 48. Rxg7 Rc3+ 49. Kb4 Re3 50. Rg6+ Kd7 51. Kc5 Rxe4
52. Kd5 Rd4+ 53. Kxe5 Rd1 54. Rg7+ Kd8 55. Ke6 Re1+ 56. Kf5 Rd1 57. d7 Rd3 58.
Kf4 Rd4+ 59. Kg5 Rd5+ 60. Kh6 Kc7 61. Rg5 Rxd7 62. Rg7 Rxg7 63. Kxg7 Kd7 64.
Kg6 Ke6 65. Kxh5 Kf7 66. g4 Kg7 67. g5 Kh7 68. g6+ Kg7 69. Kg5 Kh8 70. Kf6 Kg8
71. g7 Kh7 72. Kf7 Kh6 1-0

[Event "110th YMCA Golden Autumn"]
[Site "Warszawa"]
[Date "2012.12.07"]
[Round "12"]
[White "Kaczorowski, Piotr"]
[Black "Zaczek, Jonathon"]
[Result "1-0"]
[WhiteElo "2054"]
[BlackElo "2118"]
[PlyCount "103"]
[EventDate "2012.09.21"]
[EventType "tourn"]
[EventRounds "1"]
[EventCountry "POL"]
[SourceDate "2012.09.19"]

1. Nf3 Nf6 2. g3 g6 3. Bg2 Bg7 4. O-O O-O 5. c4 d5 6. d4 Nc6 7. cxd5 Nxd5 8.
Nc3 Nb6 9. e3 Re8 10. Qe2 e5 11. dxe5 Nxe5 12. Nxe5 Bxe5 13. Rd1 Qe7 14. Bd2 c6
15. Be1 Be6 16. b3 a5 17. f4 Bg7 18. Rab1 a4 19. e4 axb3 20. axb3 Qa3 21. Qe3
Ra6 22. Bf1 Bxb3 23. Bxa6 Bxd1 24. Nxd1 Qxe3+ 25. Nxe3 Bd4 26. Bxb7 Bxe3+ 27.
Bf2 Bxf2+ 28. Kxf2 Nc4 29. Bxc6 Re7 30. e5 Kg7 31. Bd5 Na3 32. Rb3 Nc2 33. Rb6
Nd4 34. Ke3 Nf5+ 35. Ke4 h5 36. Bb3 Rd7 37. Rb4 Re7 38. Rb6 Rd7 39. Bd5 Rc7 40.
Rb7 Rxb7 41. Bxb7 Kf8 42. Bc8 Ng7 43. f5 gxf5+ 44. Bxf5 Ke7 45. h4 f6 46. Bc8
Kf7 47. Ba6 Kg6 48. Bd3 fxe5 49. Kxe5+ Kh6 50. Kf6 Ne8+ 51. Ke7 Ng7 52. Bb1 1-0

[Event "110th YMCA Golden Autumn"]
[Site "Warszawa"]
[Date "2012.12.07"]
[Round "12"]
[White "Malec, Sebastian"]
[Black "Adamski, Andrzej"]
[Result "1-0"]
[WhiteElo "2108"]
[BlackElo "2265"]
[PlyCount "101"]
[EventDate "2012.09.21"]
[EventType "tourn"]
[EventRounds "1"]
[EventCountry "POL"]
[SourceDate "2012.09.19"]

1. e4 g6 2. d4 Bg7 3. Nc3 d6 4. Be3 a6 5. g4 b5 6. Bg2 Bb7 7. Nge2 Nd7 8. O-O
c5 9. Ng3 b4 10. Nce2 Rc8 11. c3 e6 12. g5 Ne7 13. f4 O-O 14. d5 exd5 15. f5 d4
16. cxd4 gxf5 17. Nxf5 Nxf5 18. Rxf5 cxd4 19. Bxd4 Ne5 20. Nf4 Rc4 21. Bxe5
dxe5 22. Nd5 Bxd5 23. exd5 e4 24. Qe2 Rd4 25. Raf1 Qe7 26. R1f4 e3 27. Rxd4
Bxd4 28. Bf3 Rc8 29. Rf4 Ba7 30. Kg2 Kh8 31. h4 Qc7 32. Rg4 Qc1 33. Be4 Rc4 34.
Rf4 Qd2 35. Kf3 Bb8 36. b3 Rd4 37. Rg4 Ba7 38. Rg2 Rxd5 39. Bxd5 Qxd5+ 40. Kg3
Qe5+ 41. Kh3 Bb8 42. Qb2 f5 43. Qxe5+ Bxe5 44. Re2 Bf4 45. Kg2 h6 46. gxh6 Bxh6
47. Kf3 Kg7 48. Rc2 Kg6 49. Rc6+ Kh5 50. Rxa6 f4 51. Rf6 1-0

[Event "110th YMCA Golden Autumn"]
[Site "Warszawa"]
[Date "2012.11.28"]
[Round "13"]
[White "Adamski, Andrzej"]
[Black "Denderski, Piotr"]
[Result "1/2-1/2"]
[WhiteElo "2265"]
[BlackElo "2240"]
[PlyCount "35"]
[EventDate "2012.09.21"]
[EventType "tourn"]
[EventRounds "1"]
[EventCountry "POL"]
[SourceDate "2012.09.19"]

1. d4 Nf6 2. c4 g6 3. Nc3 Bg7 4. e4 d6 5. Nf3 O-O 6. Be2 e5 7. dxe5 dxe5 8.
Qxd8 Rxd8 9. Bg5 c6 10. Nxe5 Re8 11. O-O-O Na6 12. Rd6 Be6 13. f4 h6 14. Bxf6
Bxf6 15. Rhd1 Bxe5 16. fxe5 Re7 17. Rd8+ Re8 18. R8d6 1/2-1/2

[Event "110th YMCA Golden Autumn"]
[Site "Warszawa"]
[Date "2012.12.13"]
[Round "13"]
[White "Zaczek, Jonathon"]
[Black "Malec, Sebastian"]
[Result "0-1"]
[WhiteElo "2118"]
[BlackElo "2108"]
[PlyCount "70"]
[EventDate "2012.09.21"]
[EventType "tourn"]
[EventRounds "1"]
[EventCountry "POL"]
[SourceDate "2012.09.19"]

1. e4 c5 2. Nf3 e6 3. d4 cxd4 4. Nxd4 a6 5. c4 Nf6 6. f3 Qc7 7. Nc3 Nc6 8. Be3
b6 9. Rc1 Bb7 10. a3 Nxd4 11. Bxd4 Bd6 12. g3 h5 13. Na4 h4 14. Nxb6 hxg3 15.
Nxa8 Bxa8 16. h3 Nh5 17. Bg2 Bf4 18. Rc3 e5 19. Bg1 O-O 20. b4 d6 21. c5 d5 22.
exd5 Bxd5 23. Rd3 Bc4 24. Rd6 Rc8 25. h4 a5 26. Bh3 g2 27. Bxg2 Ng3 28. Rh3 Nf5
29. Rd7 Qb8 30. Bf1 Be6 31. b5 Nd4 32. Rxd4 exd4 33. Qxd4 Re8 34. Be3 Bxe3 35.
Qd6 Bxh3 0-1

[Event "110th YMCA Golden Autumn"]
[Site "Warszawa"]
[Date "2012.12.13"]
[Round "13"]
[White "Krasiewicz, Robert"]
[Black "Winiarski, Mikolaj"]
[Result "1/2-1/2"]
[WhiteElo "2033"]
[BlackElo "2089"]
[Annotator "Admin"]
[PlyCount "96"]
[EventDate "2012.09.21"]
[EventType "tourn"]
[EventRounds "1"]
[EventCountry "POL"]
[SourceDate "2012.09.19"]

1. e4 c5 2. Nf3 d6 3. d4 cxd4 4. Qxd4 Nc6 5. Bb5 Bd7 6. Bxc6 Bxc6 7. Nc3 Nf6 8.
Qd3 g6 9. Bg5 Bg7 10. O-O-O O-O 11. Nd4 h6 12. Bh4 Nd7 13. f4 Re8 14. Qe2 Qb6
15. Bf2 Nc5 16. f5 e6 17. fxg6 fxg6 18. h4 Rf8 19. Bg1 Rae8 20. Rh3 Na4 21.
Nxa4 Bxa4 22. b3 Bc6 23. Nf5 Qb4 24. Nxg7 Kxg7 25. Bd4+ e5 26. Bc3 Qxe4 27.
Qxe4 Bxe4 28. Rxd6 Rf2 29. Re3 Rxc2+ 30. Kd1 Kf7 31. Bb4 Rc6 32. Rxe4 Rxd6+ 33.
Bxd6 Rd8 34. Rxe5 Rxd6+ 35. Ke2 Kf6 36. Rb5 b6 37. Ke3 Rc6 38. a4 Rc3+ 39. Kf4
Rc6 40. a5 bxa5 41. Rxa5 Rb6 42. Rxa7 Rb4+ 43. Kg3 Rxb3+ 44. Kf4 g5+ 45. hxg5+
hxg5+ 46. Kg4 Rb4+ 47. Kf3 Kf5 48. g4+ Ke5 $11 1/2-1/2

[Event "110th YMCA Golden Autumn"]
[Site "Warszawa"]
[Date "2012.12.04"]
[Round "13"]
[White "Szewczyk, Mariusz"]
[Black "Kielar, Maciej"]
[Result "1/2-1/2"]
[WhiteElo "2030"]
[BlackElo "2087"]
[Annotator "Admin"]
[PlyCount "97"]
[EventDate "2012.09.21"]
[EventType "tourn"]
[EventRounds "1"]
[EventCountry "POL"]
[SourceDate "2012.09.19"]

1. e4 c5 2. Nf3 g6 3. d4 Bg7 4. Nc3 cxd4 5. Nxd4 Nc6 6. Be3 Nf6 7. Be2 d6 8. g4
h5 9. gxh5 Nxh5 10. Qd2 Qa5 11. O-O-O Bd7 12. Kb1 Rc8 13. f4 a6 14. Rhg1 Nf6
15. Bf3 Qc7 16. Nxc6 Bxc6 17. f5 Rh3 18. fxg6 Rxf3 19. gxf7+ Kxf7 20. Rxg7+
Kxg7 21. Qg2+ Kf7 22. Qxf3 Bxe4 23. Qf2 Bc6 24. Bg5 Rg8 25. h4 Qa5 26. Re1 Rxg5
27. hxg5 Qxg5 28. Ne4 Qe5 29. Nxf6 Qxf6 30. Rf1 Qxf2 31. Rxf2+ Ke6 32. Kc1 d5
33. Kd2 Kd6 34. Rh2 e5 35. Kd3 Kc5 36. Rh5 Kd6 37. Kc3 a5 38. a3 a4 39. Rh6+
Kc5 40. Re6 d4+ 41. Kd2 e4 42. Re5+ Kd6 43. Rg5 Ke6 44. Ke2 Kf6 45. Rc5 Ke6 46.
Kf2 Kd6 47. Rg5 Bd5 48. Kg3 d3 49. cxd3 $11 1/2-1/2

[Event "110th YMCA Golden Autumn"]
[Site "Warszawa"]
[Date "2012.12.11"]
[Round "13"]
[White "Liberadzki, Slawomir"]
[Black "Sanz Losada, Victoriano"]
[Result "1/2-1/2"]
[WhiteElo "2093"]
[BlackElo "2130"]
[PlyCount "93"]
[EventDate "2012.09.21"]
[EventType "tourn"]
[EventRounds "1"]
[EventCountry "POL"]
[SourceDate "2012.09.19"]

1. e4 e6 2. d4 d5 3. e5 c5 4. c3 Nc6 5. Nf3 Bd7 6. Be2 f6 7. exf6 Nxf6 8. O-O
Bd6 9. dxc5 Bxc5 10. Bf4 O-O 11. Nbd2 Qe7 12. Nb3 Bb6 13. Nbd4 Ne4 14. Nxc6
bxc6 15. Be5 Rf5 16. Bd3 Raf8 17. Bxe4 dxe4 18. Bd6 Qe8 19. Nd4 R8f6 20. Nxf5
exf5 21. c4 f4 22. c5 Bd8 23. Qd4 g5 24. Rad1 Rf7 25. Rfe1 Bf5 26. Qe5 Qd7 27.
Qd4 Qe6 28. Qe5 Qd7 29. Qc3 Qe6 30. Be5 Be7 31. Rd2 Qg6 32. Qb3 Be6 33. Qb8+
Rf8 34. Qc7 e3 35. fxe3 Bxc5 36. Rd8 Bxe3+ 37. Kh1 Bd5 38. Rxf8+ Kxf8 39. Qd8+
Kf7 40. Qd7+ Kg8 41. Qd8+ Kf7 42. Qd7+ Kg8 43. Qd8+ Kf7 44. Qd7+ Kg8 45. Qd8+
Kf7 46. Qd7+ Kg8 47. Qd8+ 1/2-1/2

[Event "110th YMCA Golden Autumn"]
[Site "Warszawa"]
[Date "2012.12.07"]
[Round "13"]
[White "Kubeczko, Grzegorz"]
[Black "Szymczak, Rafal"]
[Result "1-0"]
[WhiteElo "2040"]
[BlackElo "2063"]
[PlyCount "107"]
[EventDate "2012.09.21"]
[EventType "tourn"]
[EventRounds "1"]
[EventCountry "POL"]
[SourceDate "2012.09.19"]

1. c4 Nf6 2. g3 c6 3. Nf3 d5 4. b3 h6 5. Bg2 Bf5 6. O-O Nbd7 7. Ba3 e6 8. Bxf8
Nxf8 9. d3 N8d7 10. Nc3 O-O 11. Re1 Bh7 12. e4 Qa5 13. Qd2 dxe4 14. dxe4 Rfd8
15. Qb2 Nc5 16. Ne5 Nd3 17. Nxd3 Rxd3 18. b4 Qe5 19. Na4 Qxb2 20. Nxb2 Rd2 21.
Na4 e5 22. f3 Rad8 23. Nc3 R8d3 24. Red1 Kf8 25. Rxd2 Rxd2 26. Rd1 Rxd1+ 27.
Nxd1 Ne8 28. Ne3 f6 29. c5 Bg8 30. a3 g6 31. Bf1 Nc7 32. Bc4 a5 33. bxa5 Bxc4
34. Nxc4 Na6 35. Nd6 Nxc5 36. Nxb7 Na6 37. Nd6 Ke7 38. Nc4 c5 39. Kf2 Kd7 40.
Ke3 Kc6 41. f4 exf4+ 42. gxf4 Kb5 43. Kd3 Nc7 44. e5 fxe5 45. fxe5 Nd5 46. Nd6+
Kc6 47. a6 g5 48. a7 Nb6 49. a4 g4 50. a5 Na8 51. Ke4 h5 52. Kf5 Kd5 53. Nc4 h4
54. Kxg4 1-0